000 00535nam a2200229Ia 4500
003 OSt
005 20221005115216.0
006 a|||||r|||| 00| 0
007 ta
008 221004b |||||||| |||| 00| 0 hin d
024 _a25179
037 _cTextual
040 _aCRL
_cCRL
_bhin
041 _2hin
_ahin
082 _aQm2,N31, G3
245 0 _aC S S review Vol.III.1, No.1
260 _c1933
300 _a386p.
_ccm.
650 _aRELIGION
942 _hQm2,N31, G3
_cTEXL
_2cc
999 _c1033783
_d1033783